Factors in modern history / (Record no. 186119)
[ view plain ]
| 000 -LEADER | |
|---|---|
| fixed length control field | 01065 a2200193 4500 |
| 003 - CONTROL NUMBER IDENTIFIER | |
| control field | NUST |
| 005 - DATE AND TIME OF LATEST TRANSACTION | |
| control field | 20230126180759.0 |
| 010 ## - LIBRARY OF CONGRESS CONTROL NUMBER | |
| LC control number | 29030576 |
| 040 ## - CATALOGING SOURCE | |
| Transcribing agency | Nust |
| 082 ## - DEWEY DECIMAL CLASSIFICATION NUMBER | |
| Classification number | 900,POL |
| 100 ## - MAIN ENTRY--PERSONAL NAME | |
| Personal name | Pollard, Albert Frederick |
| 9 (RLIN) | 107817 |
| 245 ## - TITLE STATEMENT | |
| Title | Factors in modern history / |
| Statement of responsibility, etc. | A. F. Pollard |
| 260 ## - PUBLICATION, DISTRIBUTION, ETC. | |
| Place of publication, distribution, etc. | 3rd ed. |
| Name of publisher, distributor, etc. | Constable and company, ltd |
| Date of publication, distribution, etc. | London |
| 300 ## - PHYSICAL DESCRIPTION | |
| Other physical details | xi, 325 p. |
| Dimensions | 20 cm |
| 505 ## - FORMATTED CONTENTS NOTE | |
| Formatted contents note | The Value of History (Page-1), Nationality (Page-13), The Advent of the Middle Class (Page-32), The New Monarchy (Page-52), Henry VIII and the English Reformation (Page-73), Parliament (Page-93), Social Revolution (Page-114), Political Ideas of the Sixteenth and Seventeenth Centuries (Page-135), Church and State in England and Scotland (Page-155), Cromwellian Constitutions (Page-175), Colonial Expansion (Page-197), The University of London and the Study of History (Page-234), Twenty year After (Page-254), The Latest Phase (Page-274). |
| 600 ## - SUBJECT ADDED ENTRY--PERSONAL NAME | |
| Personal name | Pollard, Albert Frederick |
| 9 (RLIN) | 107817 |
| 650 ## - SUBJECT ADDED ENTRY--TOPICAL TERM | |
| Topical term or geographic name entry element | Factors in modern history |
| 9 (RLIN) | 107818 |
| 942 ## - ADDED ENTRY ELEMENTS (KOHA) | |
| Source of classification or shelving scheme | |
| Koha item type | Book |
| Call number prefix | 900,POL |
| Withdrawn status | Lost status | Source of classification or shelving scheme | Damaged status | Not for loan | Permanent Location | Current Location | Shelving location | Date acquired | Full call number | Barcode | Date last seen | Price effective from | Koha item type | Public note |
|---|---|---|---|---|---|---|---|---|---|---|---|---|---|---|
| Military College of Signals (MCS) | Military College of Signals (MCS) | General Stacks | 12/12/2016 | 900,POL | MCS30115 | 12/08/2016 | 12/12/2016 | Book | Almirah No.58, Shelf No.3 |
